LEADER 01271nam0 2200337 450 001 000023016 005 20081111120442.0 010 $a3-87061-242-8 100 $a20081111d1989----km-y0itaa50------ba 101 0 $ager 102 $aDE 200 1 $aKabarett mit K$e70 Jahre grosse kleinkunst$fGeorg Zivier, Hellmut Kotschenreuther, Volker Ludwig$gmit Zeichnungen von Rainer Hachfeld und André Liebscher 205 $a3., erweiterte Aufl. 210 $aBerlin$cBerlin Verlag A. Spitz$d1989 215 $a216 p.$cill.$d21 cm. 606 1 $aTeatro di varietà$yGermania$xStoria 606 1 $aCabaret$xStoria 676 $a792.7$v(21. ed.)$9Rappresentazioni sceniche. Varietà e ballo teatrale 700 1$aZivier,$bGeorg$0444024 701 1$aKotschenreuther,$bHellmut$0199641 701 1$aLudwig,$bVolker$0444025 702 1$aHachfeld,$bRainer 702 1$aLiebscher,$bAndré 801 0$aIT$bUniversità della Basilicata - B.I.A.$gRICA$2unimarc 912 $a000023016 996 $aKabarett mit K$987315 997 $aUNIBAS BAS $aLETTERE CAT $aEXT10$b01$c20081111$lBAS01$h1204 FMT Z30 -1$lBAS01$LBAS01$mBOOK$1BASA1$APolo Storico-Umanistico$2FMAS$BFondo Masini$3FMas/817/427$6817/427$5B817/427$820081111$f04$FPrestabile Didattica LEADER 00749nam 2200265 450 001 9910293057203321 005 20181129163843.0 010 $a978-88-15-27418-2 100 $a20181129d2018----u y0engy50 ba 101 1 $aita$ceng 102 $aIT 105 0 $a 00 200 1 $aVerso l'unico Dio$eda Ekhnaton a Mosè$fJan Assman 210 $aBologna$cil Mulino$d2018 215 $a225 p.$d20 cm 225 $aIntersezioni$v495 454 0$12001$aFrom Akhenaton to Moses$91538224 610 0 $aMonoteismo$aStoria 676 $a211.34$v22$zita 700 1$aAssmann,$bJan$f<1938- >$0144097 912 $a9910293057203321 952 $a211.34 ASS 1$b5284$fbfs 959 $aBFS 996 $aFrom Akhenaton to Moses$91538224 997 $aUNINA